[Event "Titled Tue 24th Jun Early"]
[Site "chess.com INT"]
[Date "2025.06.24"]
[Round "2"]
[White "Grahn, Vidar"]
[Black "Cuenca Jimenez, Jose Fernando"]
[Result "0-1"]
[WhiteTitle "FM"]
[BlackTitle "GM"]
[WhiteElo "2239"]
[BlackElo "2487"]
[WhiteFideId "1744780"]
[BlackFideId "2255570"]
[EventDate "2025.06.24"]

1. Nf3 Nf6 2. g3 g6 3. Bg2 Bg7 4. O-O O-O 5. d4 d6 6. c4 c5 7. d5 e6 8. Nc3 exd5
9. cxd5 Re8 10. Bf4 a6 11. a4 Ne4 12. Nxe4 Rxe4 13. Nd2 Rb4 14. Ra2 a5 15. b3 b6
16. Nc4 Ba6 17. Nxd6 Rxf4 18. Nb5 Rb4 19. d6 Bxb5 20. Bxa8 Bc6 21. Bxc6 Nxc6 22.
Qd5 Qd7 23. Rd1 Rd4 24. Rxd4 Bxd4 25. e3 Bc3 26. e4 Kg7 27. Re2 Be5 28. f4 Bd4+
29. Kg2 Nb4 30. Qc4 Qxd6 31. e5 Qc6+ 32. Kh3 Qe6+ 33. Qxe6 fxe6 34. Kg4 Nd5 35.
Kf3 Kf7 36. Rc2 Ke7 37. Ke4 Kd7 38. Rc4 Kc6 39. g4 Ne7 40. h4 b5 41. axb5+ Kxb5
42. h5 gxh5 43. f5 hxg4 44. f6 Ng6 45. f7 g3 46. Rc2 Bf2 47. Kf3 Nxe5+ 48. Kg2
Nxf7 49. Re2 Nd8 50. Re4 Nc6 51. Rh4 Nd4 52. Rxh7 Nxb3 53. Rb7+ Kc4 54. Ra7 e5
55. Rb7 a4 56. Ra7 Kb4 57. Rb7+ Kc3 58. Ra7 Kb4 59. Rb7+ Ka5 60. Ra7+ Kb5 61.
Rb7+ Ka6 62. Rb8 c4 63. Ra8+ Ba7 64. Rc8 Kb5 65. Rc7 Bb6 66. Rc8 a3 67. Ra8 Kb4
68. Rb8 a2 69. Rxb6+ Kc3 70. Ra6 a1=Q 71. Rxa1 Nxa1 0-1

[Event "Titled Tue 24th Jun Early"]
[Site "chess.com INT"]
[Date "2025.06.24"]
[Round "2"]
[White "Eltigani, Omar"]
[Black "Kourkoulos-Arditis, Stamatis"]
[Result "1-0"]
[WhiteTitle "IM"]
[BlackTitle "GM"]
[WhiteElo "2224"]
[BlackElo "2580"]
[WhiteFideId "738794"]
[BlackFideId "4221990"]
[EventDate "2025.06.24"]

1. d4 c5 2. d5 Nf6 3. Nc3 d6 4. e4 g6 5. Nf3 Bg7 6. Bb5+ Bd7 7. Qe2 O-O 8. Bxd7
Nbxd7 9. O-O Re8 10. h3 e6 11. dxe6 Rxe6 12. Bg5 Qb6 13. Nd2 Qxb2 14. Qd3 Ne5
15. Qe3 Qxc2 16. f4 Qd3 17. fxe5 Qxe3+ 18. Bxe3 Rxe5 19. Nc4 Re6 20. Rab1 Nxe4
21. Nd5 Rb8 22. Nc7 Re7 23. Nd5 Ree8 24. Bf4 Bd4+ 25. Kh2 Kg7 26. h4 b5 27. Na5
a6 28. Nc6 Rbc8 29. Nxd4 cxd4 30. Rbd1 f5 31. Rxd4 Rc2 32. a4 Rec8 33. axb5 axb5
34. Ra1 h6 35. Ra7+ Kg8 36. Ne7+ Kf7 37. Nxc8+ Ke6 38. Nxd6 g5 39. hxg5 1-0

[Event "Titled Tue 24th Jun Early"]
[Site "chess.com INT"]
[Date "2025.06.24"]
[Round "2"]
[White "Shuvalova, Polina"]
[Black "Parfenov, Viktor N."]
[Result "1-0"]
[WhiteTitle "IM"]
[BlackTitle "CM"]
[WhiteElo "2480"]
[BlackElo "2193"]
[WhiteFideId "24171760"]
[BlackFideId "4165969"]
[EventDate "2025.06.24"]

1. e4 e5 2. Nf3 Nc6 3. Nc3 Nf6 4. Bb5 Bb4 5. O-O O-O 6. d3 Bxc3 7. bxc3 d6 8.
Re1 h6 9. d4 Bd7 10. Bd3 Re8 11. h3 b6 12. a4 a5 13. Bb2 Qe7 14. Nd2 Qf8 15. Nf1
Re7 16. Ng3 Rae8 17. f3 d5 18. exd5 Nxd5 19. c4 Nf4 20. d5 Nd4 21. Kh2 f5 22.
Qd2 g5 23. Bf1 Qf6 24. Rad1 Qg7 25. Bxd4 exd4 26. Rxe7 Rxe7 27. Qxd4 Qxd4 28.
Rxd4 Re1 29. Bd3 Rd1 30. c5 bxc5 31. Rc4 Nxd3 32. cxd3 Rxd3 33. Rxc5 Bxa4 34.
Rxa5 Bb3 35. Nxf5 Rxd5 36. Ne7+ Kf7 37. Nxd5 Bxd5 38. Rxd5 Ke6 39. Rd1 c5 40.
Kg3 c4 41. Kg4 1-0

[Event "Titled Tue 24th Jun Early"]
[Site "chess.com INT"]
[Date "2025.06.24"]
[Round "2"]
[White "Subramanian, Anusha"]
[Black "Brown, Akeem"]
[Result "0-1"]
[WhiteTitle "WFM"]
[BlackTitle "CM"]
[WhiteElo "2045"]
[BlackElo "2055"]
[WhiteFideId "477710"]
[BlackFideId "7402023"]
[EventDate "2025.06.24"]

1. e4 e5 2. Nf3 Nf6 3. Nxe5 d6 4. Nf3 Nxe4 5. Nc3 Nxc3 6. dxc3 Be6 7. Be3 Nc6 8.
Qd2 Be7 9. Bd3 Qd7 10. h4 h6 11. h5 O-O-O 12. O-O-O Bf6 13. Kb1 Rhe8 14. Nd4
Nxd4 15. Bxd4 Bxd4 16. cxd4 Qa4 17. a3 Qxd4 18. f4 Kb8 19. f5 Bd5 20. c3 Qxd3+
21. Qxd3 Be4 22. Kc2 Rd7 23. Rhe1 Bxd3+ 24. Kxd3 Rde7 25. Kd2 Rxe1 26. Rxe1 Rxe1
27. Kxe1 Kc8 28. Ke2 Kd7 29. Ke3 Ke7 30. Ke4 Kf6 31. Kf4 d5 32. b4 c6 33. a4 b6
34. a5 c5 35. axb6 axb6 36. bxc5 bxc5 37. g4 d4 38. cxd4 cxd4 39. Ke4 Kg5 40.
Kxd4 Kxg4 41. Ke5 Kxh5 42. f6 gxf6+ 43. Kf5 Kh4 44. Kf4 h5 45. Kf3 Kg5 46. Kg3
f5 47. Kf3 f4 48. Kf2 Kg4 49. Kg2 f3+ 50. Kf2 Kf4 51. Kf1 h4 52. Kg1 Kg3 53. Kh1
h3 54. Kg1 f2+ 55. Kf1 h2 56. Ke2 h1=Q 57. Ke3 Qf3+ 58. Kd2 f1=Q 59. Kc2 Q1e2+
60. Kc1 Qff1# 0-1

[Event "Titled Tue 24th Jun Early"]
[Site "chess.com INT"]
[Date "2025.06.24"]
[Round "2"]
[White "Jahnz, Laurin"]
[Black "Harshavardhan, G B"]
[Result "0-1"]
[WhiteTitle "CM"]
[BlackTitle "IM"]
[WhiteElo "2221"]
[BlackElo "2472"]
[WhiteFideId "16261089"]
[BlackFideId "25059009"]
[EventDate "2025.06.24"]

1. e4 e5 2. d4 exd4 3. Qxd4 Nc6 4. Qe3 Nf6 5. Nc3 Bb4 6. Bd2 O-O 7. O-O-O Re8 8.
Qf4 Bxc3 9. Bxc3 Nxe4 10. Bc4 Re7 11. Bxf7+ Rxf7 12. Qxe4 Qg5+ 13. Kb1 d6 14.
Nf3 Qf5 15. Rhe1 Qxe4 16. Rxe4 Bf5 17. Re3 Bg4 18. Rde1 Bxf3 19. Rxf3 Rxf3 20.
gxf3 Rf8 21. Re3 g6 22. Kc1 Kf7 23. Kd2 d5 24. Rd3 Ke6 25. b3 Rf5 26. Re3+ Kd7
27. Bb2 Rh5 28. Rd3 Ke6 29. Re3+ Kd6 30. Ba3+ Kd7 31. Rd3 d4 32. c3 Rxh2 33. Ke2
Rh4 34. Bc5 b6 35. Bxd4 Nxd4+ 36. cxd4 Kd6 37. Ke3 g5 38. Rd1 h6 39. Rg1 Rf4 40.
Rg4 Rf6 41. Rg1 Kd5 42. Rc1 c6 43. a4 Re6+ 44. Kd3 Rg6 45. Rh1 Rf6 46. Ke3 a6
47. Rh5 a5 48. f4 Rxf4 49. Rxh6 Re4+ 50. Kd3 Rxd4+ 51. Kc3 Rf4 52. Rg6 Rf3+ 53.
Kb2 Rxf2+ 54. Kc3 Rg2 55. Rg8 Kc5 56. Rf8 Rg3+ 57. Kb2 Kb4 58. Rf6 Rxb3+ 59. Ka2
Rc3 0-1

[Event "Titled Tue 24th Jun Early"]
[Site "chess.com INT"]
[Date "2025.06.24"]
[Round "2"]
[White "Mafra, Kaiser Luiz"]
[Black "Souleidis, Georgios"]
[Result "0-1"]
[WhiteTitle "CM"]
[BlackTitle "IM"]
[WhiteElo "2076"]
[BlackElo "2418"]
[WhiteFideId "2106698"]
[BlackFideId "4206827"]
[EventDate "2025.06.24"]

1. e4 c5 2. d4 cxd4 3. c3 d5 4. Qxd4 dxe4 5. Qxe4 Nf6 6. Qc2 Nc6 7. Nf3 g6 8.
Bb5 Qb6 9. a4 a6 10. Be3 Qc7 11. Bd3 Bg7 12. Nbd2 O-O 13. O-O Bd7 14. Rad1 Rac8
15. Qb1 Rfd8 16. Rfe1 Nd5 17. Bg5 Re8 18. Bh4 Nf4 19. Bg3 e5 20. Be4 Rcd8 21.
Nf1 Bc8 22. Ng5 Rxd1 23. Qxd1 Nh5 24. Bd5 Nd8 25. Qb3 Nxg3 26. Nxg3 h6 27. Nf3
Be6 28. Bxe6 Nxe6 29. Qd5 Rd8 30. Qb3 Nc5 31. Qc2 f5 32. b4 Nd3 33. Rd1 e4 34.
Ne1 Qxc3 35. Qxc3 Bxc3 36. Nxd3 Rxd3 37. Rxd3 exd3 38. Kf1 Bxb4 39. f3 Kf7 40.
Kf2 Bc5+ 41. Ke1 Be3 42. Nf1 f4 43. g3 g5 44. h4 Ke6 45. hxg5 hxg5 46. gxf4 gxf4 0-1

[Event "Titled Tue 24th Jun Early"]
[Site "chess.com INT"]
[Date "2025.06.24"]
[Round "2"]
[White "Negrean, Andrei"]
[Black "Aaradhya Das"]
[Result "1-0"]
[WhiteTitle "FM"]
[BlackTitle "WCM"]
[WhiteElo "2352"]
[BlackElo "1786"]
[WhiteFideId "1291513"]
[BlackFideId "33361436"]
[EventDate "2025.06.24"]

1. d4 d5 2. Nc3 Nf6 3. Bf4 Bf5 4. Nb5 Na6 5. e3 e6 6. Nf3 c6 7. Nc3 Bb4 8. Bd3
Bxd3 9. cxd3 O-O 10. O-O Bxc3 11. bxc3 c5 12. Rb1 b6 13. Qa4 Qc8 14. Rfc1 Rd8
15. Bg5 Nc7 16. Bxf6 gxf6 17. dxc5 bxc5 18. Qg4+ Kf8 19. d4 c4 20. Qh4 Ke7 21.
Qxh7 Rg8 22. Qc2 e5 23. g3 e4 24. Nd2 f5 25. Nf1 Kf6 26. Qe2 Qe6 27. Rb7 Ne8 28.
Rcb1 Nd6 29. R7b2 Rg6 30. Rb8 1-0

[Event "Titled Tue 24th Jun Early"]
[Site "chess.com INT"]
[Date "2025.06.24"]
[Round "2"]
[White "Boruchovsky, Avital"]
[Black "Ivashentseva, Dominika"]
[Result "1-0"]
[WhiteTitle "GM"]
[BlackTitle "WCM"]
[WhiteElo "2513"]
[BlackElo "1969"]
[WhiteFideId "2800055"]
[BlackFideId "34331050"]
[EventDate "2025.06.24"]

1. b3 d5 2. Bb2 e6 3. f4 Nf6 4. Nf3 c5 5. e3 Nc6 6. d3 Be7 7. Nbd2 d4 8. e4 Qc7
9. g3 e5 10. f5 g6 11. Nh4 gxf5 12. Nxf5 Bxf5 13. exf5 Qd7 14. Qf3 Nb4 15. O-O-O
Nxa2+ 16. Kb1 Nb4 17. Bg2 Rb8 18. Nc4 Nc6 19. Rde1 Qc7 20. g4 Rg8 21. h3 Rc8 22.
Re2 Nd7 23. Bc1 f6 24. h4 Nd8 25. g5 b5 26. Qh5+ Kf8 27. Qxh7 bxc4 28. g6 cxb3
29. Bh6+ Ke8 30. Qxg8+ Nf8 31. cxb3 Kd7 32. Bxf8 Bxf8 33. Qxf8 Qb6 34. Rb2 a5
35. Qg7+ Kd6 36. Qxf6+ Kc7 37. Qxb6+ Kxb6 38. f6 Ne6 39. h5 Nf4 40. Be4 a4 41.
bxa4+ Ka5 42. g7 Kxa4 43. f7 c4 44. f8=Q Rxf8 45. gxf8=Q c3 46. Qa8# 1-0

[Event "Titled Tue 24th Jun Early"]
[Site "chess.com INT"]
[Date "2025.06.24"]
[Round "2"]
[White "Kleimenov, Nikolay"]
[Black "Levano Loayza, Adriano Jaffet"]
[Result "1-0"]
[WhiteTitle "CM"]
[BlackTitle "CM"]
[WhiteElo "2199"]
[BlackElo "2023"]
[WhiteFideId "34414223"]
[BlackFideId "3865584"]
[EventDate "2025.06.24"]

1. e4 c5 2. Nf3 d6 3. d4 cxd4 4. Nxd4 Nf6 5. Nc3 Nc6 6. Bg5 e6 7. f4 a6 8. Qd2
Bd7 9. O-O-O Be7 10. Be2 Qc7 11. Bf3 Rc8 12. Rhe1 b5 13. e5 dxe5 14. Nxc6 Bxc6
15. fxe5 Ng8 16. Bxc6+ Qxc6 17. Ne4 Bxg5 18. Nxg5 Ne7 19. Ne4 O-O 20. Nd6 Rc7
21. Kb1 Nc8 22. Ne4 Nb6 23. c3 h6 24. Qf4 b4 25. Rd3 bxc3 26. Rxc3 Qd7 27. Nf6+
gxf6 28. exf6 Kh7 29. Qxc7 Qd4 30. Qc5 Qxc5 31. Rxc5 Nd5 32. Rc6 Ra8 33. Rf1 Kg6
34. g4 Nxf6 35. h3 Nd5 36. Re1 a5 37. Re5 Rb8 38. Rxd5 1-0

[Event "Titled Tue 24th Jun Early"]
[Site "chess.com INT"]
[Date "2025.06.24"]
[Round "2"]
[White "Emeliantsev, Anatoliy"]
[Black "Ribeiro, Gustavo"]
[Result "0-1"]
[WhiteTitle "FM"]
[BlackTitle "FM"]
[WhiteElo "2359"]
[BlackElo "2314"]
[WhiteFideId "4160681"]
[BlackFideId "1941852"]
[EventDate "2025.06.24"]

1. d4 Nf6 2. c4 a6 3. Nc3 c5 4. d5 b5 5. cxb5 axb5 6. Nxb5 e6 7. dxe6 fxe6 8.
Nc3 d5 9. e4 d4 10. e5 Nd5 11. Nxd5 Qxd5 12. Nf3 Be7 13. Bb5+ Bd7 14. Bxd7+ Nxd7
15. O-O O-O 16. b3 Rf5 17. Ne1 Nxe5 18. Nd3 Raf8 19. f4 Nxd3 20. Qxd3 e5 21. Re1
Bd6 22. fxe5 Rxe5 23. Bd2 Kh8 24. Rf1 Rfe8 25. Rf3 Re2 26. Raf1 h6 27. Bc1 Qh5
28. h3 Rxa2 29. Bf4 Ree2 30. Rg3 Be7 31. Qb5 Bf6 32. Qb8+ Re8 33. Qb7 d3 34. Qd7
d2 0-1

[Event "Titled Tue 24th Jun Early"]
[Site "chess.com INT"]
[Date "2025.06.24"]
[Round "2"]
[White "Dann, Matthias"]
[Black "Guliev, Gasan"]
[Result "1-0"]
[WhiteTitle "IM"]
[BlackTitle "CM"]
[WhiteElo "2446"]
[BlackElo "2123"]
[WhiteFideId "24638056"]
[BlackFideId "34165638"]
[EventDate "2025.06.24"]

1. Nf3 Nf6 2. c4 e6 3. d4 d5 4. Nc3 c5 5. e3 Nc6 6. a3 a6 7. dxc5 Bxc5 8. b4 Ba7
9. Bb2 O-O 10. Rc1 d4 11. exd4 Nxd4 12. c5 e5 13. Nxe5 Re8 14. f4 Ng4 15. Ne2
Nxe5 16. Bxd4 Ng6 17. Be5 Bd7 18. Kf2 Nxe5 19. fxe5 Rxe5 20. Ng3 Bc6 21. Qxd8+
Rxd8 22. Rc2 a5 23. Bc4 axb4 24. axb4 b6 25. Ra1 Re7 26. b5 Bd5 27. Bxd5 Rxd5
28. c6 g6 29. c7 Rc5 30. Rxc5 bxc5 31. Rxa7 Re8 32. b6 c4 33. b7 c3 34. c8=Q c2
35. Qxe8+ 1-0

[Event "Titled Tue 24th Jun Early"]
[Site "chess.com INT"]
[Date "2025.06.24"]
[Round "2"]
[White "Terletsky, Oleg"]
[Black "Moreira, Ronaldo Alonso"]
[Result "1-0"]
[WhiteTitle "IM"]
[WhiteElo "2160"]
[BlackElo "2094"]
[WhiteFideId "14116774"]
[BlackFideId "2110547"]
[EventDate "2025.06.24"]

1. e4 e6 2. d4 d5 3. Nd2 Nc6 4. Ngf3 Nf6 5. e5 Nd7 6. Be2 f6 7. exf6 Qxf6 8. Nf1
Bd6 9. Ne3 O-O 10. O-O Ne7 11. c4 c6 12. Bd3 dxc4 13. Nxc4 Bf4 14. Re1 b5 15.
Bxf4 Qxf4 16. Na5 Nf6 17. Rc1 Bd7 18. Nb7 Ned5 19. Nc5 Rae8 20. Nxd7 Nxd7 21.
Rxc6 e5 22. Qb3 Nf6 23. Rxf6 gxf6 24. Qxd5+ Kh8 25. dxe5 fxe5 26. Qe4 Qxe4 27.
Rxe4 Rf4 28. Rxe5 Rc8 29. h4 Rc1+ 30. Kh2 a6 31. Re7 Kg8 32. Bxh7+ Kf8 33. Ra7
Rc6 34. h5 Rh6 35. Bg6 Rf6 36. Kg3 1-0

[Event "Titled Tue 24th Jun Early"]
[Site "chess.com INT"]
[Date "2025.06.24"]
[Round "2"]
[White "Gajic, Mladen"]
[Black "Tsiolakidis, Anastasios"]
[Result "1-0"]
[WhiteTitle "FM"]
[BlackTitle "FM"]
[WhiteElo "2246"]
[BlackElo "2298"]
[WhiteFideId "1709178"]
[BlackFideId "4201477"]
[EventDate "2025.06.24"]

1. e4 c5 2. c3 e5 3. Nf3 Qc7 4. Bc4 Be7 5. O-O Nf6 6. Re1 O-O 7. Na3 a6 8. Nc2
b5 9. Bf1 Bb7 10. d3 Nc6 11. Bg5 h6 12. Bh4 g5 13. Bg3 d6 14. h4 g4 15. Nh2 h5
16. Ne3 Nd8 17. f3 gxf3 18. Nxf3 Ne6 19. Ng5 Nxg5 20. hxg5 Nh7 21. Qxh5 Bxg5 22.
Nf5 f6 23. Be2 Rad8 24. Kf2 Qf7 25. Nh6+ Bxh6 26. Qxh6 Qg7 27. Qh5 d5 28. Bf3
dxe4 29. dxe4 Rd2+ 30. Re2 Rfd8 31. Bh4 Rxe2+ 32. Kxe2 Ng5 33. Bxg5 Qxg5 34.
Qxg5+ fxg5 35. a4 b4 36. Ke3 Kg7 37. Be2 a5 38. Rf1 Bc8 39. cxb4 cxb4 40. Rc1
Bd7 41. Rd1 Kf6 42. Bg4 Ke7 43. Rxd7+ Rxd7 44. Bxd7 Kxd7 45. Kf3 1-0

[Event "Titled Tue 24th Jun Early"]
[Site "chess.com INT"]
[Date "2025.06.24"]
[Round "2"]
[White "Li, Hui"]
[Black "Zhou, Abigail"]
[Result "1/2-1/2"]
[WhiteTitle "CM"]
[BlackTitle "WCM"]
[WhiteElo "2041"]
[BlackElo "1780"]
[WhiteFideId "15400310"]
[BlackFideId "39922081"]
[EventDate "2025.06.24"]

1. e4 e6 2. d4 d5 3. Nd2 c5 4. exd5 exd5 5. Ngf3 Nc6 6. Bb5 Qb6 7. Bxc6+ bxc6 8.
O-O Nf6 9. dxc5 Bxc5 10. Nb3 Be7 11. Re1 Be6 12. Nfd4 c5 13. Nxe6 fxe6 14. Qe2
Ne4 15. c4 O-O 16. f3 Ng5 17. Bxg5 Bxg5 18. Qxe6+ Qxe6 19. Rxe6 dxc4 20. Na5
Rfe8 21. Rxe8+ Rxe8 22. Nxc4 Re2 23. b3 Bf6 24. Rd1 Rxa2 25. h3 Bd4+ 26. Kh2 a5
27. Re1 a4 28. bxa4 Rxa4 29. Nd6 Ra8 30. Re4 h6 31. h4 Rd8 32. Nc4 Bf6 33. Kh3
Rd4 34. Rxd4 cxd4 35. Nb2 Kf7 36. Nd3 Ke6 37. Kg4 Kd5 38. Kf5 Kc4 39. Ke4 Bxh4
40. f4 Bf6 41. f5 Bg5 42. g4 Be3 43. Ne5+ Kc3 44. Nd3 Bg5 45. Ne5 Bf6 46. Nd3
Bg5 47. Ne5 Bf6 48. Nd3 Kc4 49. Nf4 Bg5 50. Nd3 Bf6 51. Nf4 Bg5 52. Nd3 1/2-1/2

[Event "Titled Tue 24th Jun Early"]
[Site "chess.com INT"]
[Date "2025.06.24"]
[Round "2"]
[White "Golis, Wiktor"]
[Black "Materia, Marco"]
[Result "0-1"]
[WhiteTitle "FM"]
[BlackTitle "IM"]
[WhiteElo "2307"]
[BlackElo "2489"]
[WhiteFideId "21055874"]
[BlackFideId "45150451"]
[EventDate "2025.06.24"]

1. e4 d6 2. d4 g6 3. Nc3 Nf6 4. Nf3 Bg7 5. Be3 Bg4 6. Qd2 Bxf3 7. gxf3 Nc6 8.
O-O-O e5 9. dxe5 Nxe5 10. f4 Nc6 11. h4 Qe7 12. Bg2 O-O 13. Nd5 Nxd5 14. exd5
Qf6 15. c3 Ne7 16. Bd4 Qf5 17. Bxg7 Kxg7 18. h5 Qf6 19. Rhe1 Nf5 20. hxg6 hxg6
21. Bh3 Rae8 22. Qd3 Nh6 23. Qg3 b5 24. Bd7 Rxe1 25. Rxe1 Rb8 26. Qg5 b4 27. c4
Qd4 28. f5 Qxc4+ 29. Kb1 Qd3+ 30. Ka1 Nxf5 31. Rh1 Rh8 32. Rc1 Nd4 33. Ba4 Rh5
34. Qe7 Rxd5 35. Qxc7 Ne6 36. Qxa7 Rc5 37. Rb1 Nd4 38. Qb6 Qd2 39. Qb7 Rc1 40.
Qe4 b3 41. axb3 Nc2+ 42. Ka2 Nb4+ 43. Ka1 Nd3 0-1

[Event "Titled Tue 24th Jun Early"]
[Site "chess.com INT"]
[Date "2025.06.24"]
[Round "2"]
[White "Swara Lakshmi S Nair"]
[Black "Andreev, Konstantin"]
[Result "1/2-1/2"]
[WhiteTitle "WCM"]
[BlackTitle "FM"]
[WhiteElo "2187"]
[BlackElo "2208"]
[WhiteFideId "25629239"]
[BlackFideId "24239305"]
[EventDate "2025.06.24"]

1. e4 c5 2. Nf3 e6 3. d4 cxd4 4. Nxd4 Nc6 5. Nc3 Qc7 6. Be3 a6 7. Be2 Nxd4 8.
Qxd4 b5 9. a3 Bb7 10. O-O Nf6 11. Rfd1 e5 12. Qd3 d6 13. f4 Be7 14. f5 O-O 15.
Bf2 Rfd8 16. Bf3 Rac8 17. Rac1 Nd7 18. Qe2 Nc5 19. Nd5 Bxd5 20. Rxd5 Na4 21. c4
bxc4 22. b3 Nb6 23. Rdd1 d5 24. exd5 Bxa3 25. Rc2 Bc5 26. bxc4 Nxc4 27. Rdc1 e4
28. Bxe4 Qf4 29. Bxc5 Rxc5 30. Rxc4 Qxc1+ 31. Rxc1 Rxc1+ 32. Kf2 a5 33. f6 gxf6
34. Qd2 Rc4 35. Bd3 Rxd5 36. Bxh7+ Kxh7 37. Qxd5 Rc2+ 38. Kf3 Rc3+ 39. Ke4 a4
40. Qf5+ Kg7 41. Qg4+ Kh7 42. Qh4+ Kg7 43. Qg4+ Kh7 44. Qh4+ Kg7 45. Qg4+ 1/2-1/2

[Event "Titled Tue 24th Jun Early"]
[Site "chess.com INT"]
[Date "2025.06.24"]
[Round "2"]
[White "Nazin, Roman"]
[Black "Hury, Tymoteusz"]
[Result "1/2-1/2"]
[WhiteTitle "CM"]
[BlackTitle "CM"]
[WhiteElo "2250"]
[BlackElo "2115"]
[WhiteFideId "4137167"]
[BlackFideId "21839328"]
[EventDate "2025.06.24"]

1. d4 Nf6 2. Nf3 g6 3. c4 Bg7 4. Nc3 d6 5. Bg5 h6 6. Bh4 O-O 7. e3 c5 8. Be2 Bf5
9. h3 g5 10. Bg3 Ne4 11. Nxe4 Bxe4 12. Qd2 Qb6 13. Rd1 Bxf3 14. Bxf3 cxd4 15.
exd4 Nc6 16. d5 Nd4 17. O-O Nxf3+ 18. gxf3 Rfc8 19. b3 a5 20. f4 Bf6 21. fxg5
hxg5 22. Qd3 a4 23. Rfe1 axb3 24. axb3 Ra3 25. Re3 Rca8 26. Kg2 Ra2 27. Rf3 Rb2
28. Rd2 Raa2 29. Rxb2 Rxb2 30. Rxf6 exf6 31. Qc3 Qxb3 32. Qxf6 Qc2 33. Qxg5+ Qg6
34. Qd8+ Kh7 35. Qh4+ Kg8 36. Qd8+ Kh7 37. Qh4+ Kg8 38. Qd8+ 1/2-1/2

[Event "Titled Tue 24th Jun Early"]
[Site "chess.com INT"]
[Date "2025.06.24"]
[Round "2"]
[White "Ismagilov, Damir"]
[Black "Hansen, Eric"]
[Result "1-0"]
[WhiteTitle "CM"]
[BlackTitle "GM"]
[WhiteElo "2173"]
[BlackElo "2609"]
[WhiteFideId "34199982"]
[BlackFideId "2606771"]
[EventDate "2025.06.24"]

1. d4 Nf6 2. c4 g6 3. Nc3 d5 4. cxd5 Nxd5 5. e4 Nxc3 6. bxc3 Bg7 7. Bc4 O-O 8.
Ne2 c5 9. O-O Nc6 10. Be3 Bg4 11. f3 Bd7 12. Rb1 Rc8 13. Qd2 Na5 14. Bd3 e5 15.
d5 c4 16. Bc2 b6 17. f4 exf4 18. Nxf4 Nb7 19. Bd4 Qe7 20. Rbe1 Be5 21. Bxe5 Qxe5
22. Qd4 f6 23. Rf2 Nd6 24. Ref1 Nb5 25. Qxe5 fxe5 26. Ne2 Rxf2 27. Rxf2 Na3 28.
Bd1 b5 29. Rf6 a5 30. Ra6 a4 31. h3 Rf8 32. Ra7 Rf7 33. Kh2 Kg7 34. Ng1 Bc8 35.
Ra8 Rc7 36. Nf3 Kf6 37. g4 g5 38. Rb8 Bd7 39. Rb6+ Kg7 40. Nxe5 Nb1 41. d6 Ra7
42. Bf3 Nxc3 43. Nxd7 Rxd7 44. e5 Kf7 45. Bc6 Rd8 46. Rb7+ Kg6 47. e6 Rxd6 48.
e7 Re6 49. e8=Q+ Rxe8 50. Bxe8+ Kf6 51. Bxb5 Nxa2 52. Bxc4 Nc3 53. Rxh7 Ke5 54.
Ra7 Kd4 55. Bf7 Kc5 56. h4 gxh4 57. g5 1-0

[Event "Titled Tue 24th Jun Early"]
[Site "chess.com INT"]
[Date "2025.06.24"]
[Round "2"]
[White "Samunenkov, Ihor"]
[Black "Omariev, Maksim"]
[Result "1-0"]
[WhiteTitle "GM"]
[BlackTitle "FM"]
[WhiteElo "2562"]
[BlackElo "2304"]
[WhiteFideId "14187086"]
[BlackFideId "4193423"]
[EventDate "2025.06.24"]

1. e4 c5 2. Nf3 d6 3. d4 cxd4 4. Nxd4 Nf6 5. Nc3 a6 6. Be2 e6 7. Be3 Be7 8. f4
O-O 9. Bf3 Qc7 10. Qd2 Nbd7 11. O-O-O Nb6 12. Bf2 Nc4 13. Qd3 Nd7 14. Nb3 b5 15.
Kb1 Bb7 16. Ne2 Ndb6 17. Bxb6 Qxb6 18. Nbd4 Rac8 19. g4 a5 20. g5 b4 21. f5 Bxg5
22. fxe6 Ne5 23. Qb3 a4 24. exf7+ Rxf7 25. Qe6 Rd8 26. Bh5 g6 27. Nf5 Bc8 28.
Qd5 Qc6 29. Nxd6 Qxd5 30. Rxd5 gxh5 31. Rxe5 Rg7 32. Nxc8 Rxc8 33. Rg1 Rf8 34.
Rexg5 Rg6 35. Rxg6+ hxg6 36. Rxg6+ Kh7 37. Rg2 Rf1+ 38. Nc1 a3 39. bxa3 bxa3 40.
c4 Rf4 41. Re2 Kg6 42. c5 Kf7 43. Nd3 Rf2 44. Rxf2+ 1-0

[Event "Titled Tue 24th Jun Early"]
[Site "chess.com INT"]
[Date "2025.06.24"]
[Round "2"]
[White "Melillo, Lucius"]
[Black "Kravtsiv, Martyn"]
[Result "0-1"]
[WhiteTitle "FM"]
[BlackTitle "GM"]
[WhiteElo "2170"]
[BlackElo "2598"]
[WhiteFideId "30958245"]
[BlackFideId "14113147"]
[EventDate "2025.06.24"]

1. d4 d5 2. Bf4 Nf6 3. e3 e6 4. Nf3 Bd6 5. Nbd2 O-O 6. Bd3 c5 7. dxc5 Bxc5 8. c4
b6 9. O-O Bb7 10. Qe2 Nbd7 11. Rfd1 Qe7 12. Bg5 h6 13. Bh4 g5 14. Bg3 e5 15. Bf5
e4 16. Nd4 Ne5 17. cxd5 Bxd5 18. a3 Nd3 19. b4 Bxd4 20. exd4 Rfe8 21. Nf1 Rad8
22. Ne3 Ba8 23. Bh3 Nd5 24. Nxd5 Bxd5 25. Qe3 Qf6 26. Bg4 Ba8 27. Be2 Qxd4 28.
Qxd4 Rxd4 29. Bxd3 exd3 30. Rd2 Bd5 31. f3 Bb3 32. Re1 Rxe1+ 33. Bxe1 Bc2 34.
Kf2 Rc4 35. Ke3 Rc3 36. a4 Ra3 37. a5 bxa5 38. bxa5 Rxa5 39. Rxd3 Re5+ 40. Kd4
Rxe1 41. Rc3 0-1

[Event "Titled Tue 24th Jun Early"]
[Site "chess.com INT"]
[Date "2025.06.24"]
[Round "2"]
[White "Bratovic, Blaz"]
[Black "Abramor, Franco"]
[Result "1-0"]
[WhiteTitle "IM"]
[WhiteElo "2319"]
[BlackElo "2167"]
[WhiteFideId "14603551"]
[BlackFideId "181633"]
[EventDate "2025.06.24"]

1. e4 e5 2. Nf3 Nc6 3. Bc4 Bc5 4. d3 Nf6 5. a4 a6 6. Nc3 O-O 7. Bg5 h6 8. Bh4
Be7 9. O-O d6 10. d4 exd4 11. Nxd4 Ne5 12. Be2 Ng6 13. Bg3 Re8 14. f4 Bf8 15.
Bf3 Bd7 16. Qd3 Bg4 17. Rae1 Bxf3 18. Qxf3 c6 19. Nf5 Qb6+ 20. Bf2 Qxb2 21. Bd4
Nd7 22. Nd5 Qxc2 23. Nc7 c5 24. Ba1 Qxa4 25. h4 Qc6 26. Nxa8 Rxa8 27. h5 Ne7 28.
Nxh6+ gxh6 29. Qg4+ Kh7 30. Re3 f6 31. Rg3 d5 32. e5 d4 33. e6 Nb6 34. f5 Rd8
35. Bb2 Nbd5 36. Bc1 Ne3 37. Bxe3 dxe3 38. Rxe3 Rd4 39. Qe2 Qd5 40. Rg3 Nxf5 41.
Rg6 Ne7 42. Rgxf6 Bg7 43. Rf7 Rd2 44. Qg4 Qd4+ 45. Qxd4 cxd4 46. Rxe7 Kg8 47.
Rff7 Be5 48. Rd7 Bg3 49. Rd8# 1-0